[Event "Novi Sad ol (Men)"]
[Site "Novi Sad"]
[Date "1990.??.??"]
[Round "8"]
[White "Ribli, Zoltan"]
[Black "Zapata, Alonso"]
[Result "1/2-1/2"]
[WhiteElo "2610"]
[BlackElo "2545"]

1.Nf3 Nf6 2.c4 d6 3.d4 g6 4.g3 Bg7 5.Bg2 O-O 6.O-O Nc6 7.Nc3 a6 8.b3 Rb8
9.Nd5 Ne4 10.Bb2 f5 11.Qc1 Bd7 12.Rd1 e6 13.Nf4 Ne7 14.Nd2 Nf6 15.c5 g5 16.Nd3 Bc6
17.Nc4 Bxg2 18.Kxg2 h6 19.a4 d5 20.Nce5 Nd7 21.b4 Nxe5 22.dxe5 f4 23.b5  1/2-1/2

[Event "Novi Sad ol (Men)"]
[Site "Novi Sad"]
[Date "1990.??.??"]
[Round "11"]
[White "Ribli, Zoltan"]
[Black "Sokolov, Ivan"]
[Result "1/2-1/2"]
[WhiteElo "2610"]
[BlackElo "2550"]

1.d4 Nf6 2.Nf3 g6 3.Bf4 Bg7 4.e3 d6 5.h3 O-O 6.Be2 c5 7.c3 Nc6 8.O-O cxd4
9.exd4 Nd5 10.Bg3 e5 11.Nbd2 exd4 12.Nb3 Nde7 13.Nbxd4 Nxd4 14.Nxd4 Qb6 15.Bc4 d5
16.Bb3 Bxd4 17.Qxd4 Qxd4 18.cxd4 Be6 19.Bd6 Rfe8 20.Be5 Nc6 21.Bf6 Na5 22.Bc2 Rec8
23.Rac1 Nc4 24.b3 Nd6 25.Bd3 Ne8 26.Be7 f6 27.f3 Kf7 28.Bc5 Ng7 29.g4 Bd7
30.f4 h5 31.Rfe1 Ne6 32.Bd6 hxg4 33.hxg4 Rxc1 34.Rxc1 Rc8 35.Rxc8 Bxc8 36.f5 Nxd4
37.fxg6+ Kg7 38.g5 Nf3+ 39.Kf2 Nxg5 40.Ke3 Bd7 41.Kd4 Bc6 42.Bf5 Nf3+ 43.Kc5 Ne5
44.a4 Nxg6 45.Be6 Ne5 46.Bxd5 Nd7+ 47.Kd4 f5 48.Be6  1/2-1/2

[Event "Novi Sad ol (Men)"]
[Site "Novi Sad"]
[Date "1990.??.??"]
[Round "13"]
[White "Ribli, Zoltan"]
[Black "Morovic Fernandez, Ivan"]
[Result "1/2-1/2"]
[WhiteElo "2610"]
[BlackElo "2530"]

1.Nf3 Nf6 2.c4 c6 3.d4 d5 4.Nc3 dxc4 5.a4 Bg4 6.Ne5 Bh5 7.f3 Nfd7 8.Nxc4 e5
9.Ne4 Bb4+ 10.Bd2 Qe7 11.Nxe5 Nxe5 12.dxe5 Nd7 13.Nd6+ Bxd6 14.exd6 Qxd6
15.Bc3 Qxd1+ 16.Rxd1 f6 17.a5 O-O-O 18.g3 Rhe8 19.Kf2 Ne5 20.Bg2 Bf7 21.h3 Kc7
22.g4 Nc4 23.Rxd8 Rxd8 24.b3 Nd6 25.b4 Nb5 26.Ba1 Rd2 27.g5 Nd4 28.gxf6 Rxe2+
29.Kf1 Bc4 30.Kg1 Nc2 31.Bc3  1/2-1/2

[Event "Reggio Emilia91 Top16"]
[Site "Reggio Emilia"]
[Date "1991.??.??"]
[Round "?"]
[White "Andersson, Ulf"]
[Black "Ribli, Zoltan"]
[Result "1/2-1/2"]
[WhiteElo "2640"]
[BlackElo "2595"]

1.d4 Nf6 2.c4 c5 3.Nf3 cxd4 4.Nxd4 a6 5.e3 b6 6.Be2 Bb7 7.O-O e6 8.b3 Be7
9.Bb2 O-O 10.Nc3 d6 11.Bf3 Qc7 12.Rc1 Nbd7 13.Bxb7 Qxb7 14.Qf3 Qxf3 15.Nxf3 Rac8
16.Rfd1 Rfd8 17.Nd4 Kf8 18.h3 g6 19.g4 h6 20.Kg2 Ke8 21.f4 Rc7 22.Kf3 Rdc8
23.Nde2 Nc5 24.Ng3 Rb7 25.Nce4 Nfxe4 26.Nxe4 Nxe4 27.Kxe4 f5+ 28.gxf5 gxf5+
29.Kf3 Kf7 30.a4 Rg8 31.Rg1 Rbb8 32.Rcd1 Rxg1 33.Rxg1 Bf6 34.Bxf6 Kxf6 35.h4 h5
36.Rg5 b5 37.Rxh5 bxc4 38.bxc4 Rb4 39.Rh6+ Kf7 40.Rh7+ Kf6 41.a5 Rxc4 42.Ra7 d5
43.Rxa6 d4 44.exd4 Rxd4 45.Rb6 Rd3+ 46.Ke2 Ra3 47.a6 Kg6 48.Rxe6+ Kh5 49.Kd2 Kxh4
50.Kc2 Kg4 51.Kb2 Ra5 52.Kb3 Kxf4 53.Kb4 Ra1 54.Rc6 Kg4 55.Kb5  1/2-1/2

[Event "Reggio Emilia91 Top16"]
[Site "Reggio Emilia"]
[Date "1991.??.??"]
[Round "?"]
[White "Ribli, Zoltan"]
[Black "Karpov, Anatoly"]
[Result "1/2-1/2"]
[WhiteElo "2595"]
[BlackElo "2725"]

1.d4 Nf6 2.c4 e6 3.Nf3 b6 4.g3 Bb7 5.Bg2 Be7 6.O-O O-O 7.Nc3 Ne4 8.Qc2 Nxc3
9.Qxc3 c5 10.b3 Bf6 11.Bb2 d6 12.Rad1 Qc7 13.Qd2 Rd8 14.dxc5 dxc5 15.Qf4 Na6
16.Qxc7 Nxc7  1/2-1/2

[Event "Reggio Emilia91 Top16"]
[Site "Reggio Emilia"]
[Date "1991.??.??"]
[Round "?"]
[White "Ribli, Zoltan"]
[Black "Kamsky, Gata"]
[Result "1/2-1/2"]
[WhiteElo "2595"]
[BlackElo "2640"]

1.Nf3 Nf6 2.c4 g6 3.Nc3 c6 4.d4 Bg7 5.e4 d5 6.e5 Ne4 7.Bd3 Nxc3 8.bxc3 O-O
9.cxd5 cxd5 10.h3 Nd7 11.O-O Nb6 12.a4 Qc7 13.a5 Nc4 14.Qa4 Bd7 15.Qb4 Rfe8
16.Nd2 b5 17.axb6 Nxb6 18.Nb3 Bf5 19.Ba6 Nd7 20.Qa5 Qc6 21.Ba3 Rab8 22.Nc5 h5
23.Rfe1  1/2-1/2

[Event "Reggio Emilia91 Top16"]
[Site "Reggio Emilia"]
[Date "1991.??.??"]
[Round "?"]
[White "Karpov, Anatoly"]
[Black "Ribli, Zoltan"]
[Result "1/2-1/2"]
[WhiteElo "2725"]
[BlackElo "2595"]

1.d4 Nf6 2.c4 e6 3.Nf3 d5 4.Nc3 dxc4 5.e3 c5 6.Bxc4 a6 7.a4 Nc6 8.O-O Be7
9.dxc5 Qxd1 10.Rxd1 Bxc5 11.Bd2 b6 12.Na2  1/2-1/2

[Event "Reggio Emilia91 Top16"]
[Site "Reggio Emilia"]
[Date "1991.??.??"]
[Round "?"]
[White "Ribli, Zoltan"]
[Black "Polugaevsky, Lev"]
[Result "1/2-1/2"]
[WhiteElo "2595"]
[BlackElo "2610"]

1.d4 Nf6 2.c4 e6 3.Nf3 b6 4.g3 Ba6 5.b3 Bb4+ 6.Bd2 Be7 7.Bg2 c6 8.Bc3 O-O
9.Nbd2 d5 10.O-O Nbd7 11.Re1 Bb7 12.e4 dxe4 13.Nxe4 c5 14.Nfg5 cxd4 15.Bxd4 Qc7
16.Nxf6+ Bxf6 17.Bxb7 Qxb7 18.Qf3  1/2-1/2

[Event "Reggio Emilia91 Top16"]
[Site "Reggio Emilia"]
[Date "1991.??.??"]
[Round "?"]
[White "Gurevich, Mikhail"]
[Black "Ribli, Zoltan"]
[Result "1/2-1/2"]
[WhiteElo "2650"]
[BlackElo "2595"]

1.d4 d5 2.c4 e6 3.Nf3 Nf6 4.Bg5 dxc4 5.Nc3 Bb4 6.Qa4+ Nc6 7.a3 Bxc3+ 8.bxc3 Qd5
9.Bxf6 gxf6 10.Nd2 b5 11.Qd1 Rb8 12.e4 Qd6 13.Qg4 e5 14.Qg7 Rf8 15.d5 Na5
16.Be2 Nb3 17.Nxb3 cxb3 18.Rb1 Ke7 19.Rxb3 c6 20.O-O cxd5 21.Rd1 a6 22.Qh6 Rd8
23.Rxd5 Qb6 24.Rxd8 Qxd8 25.Qe3 Qc7 26.h3 Be6  1/2-1/2

[Event "Reggio Emilia91 Top16"]
[Site "Reggio Emilia"]
[Date "1991.??.??"]
[Round "?"]
[White "Ribli, Zoltan"]
[Black "Gurevich, Mikhail"]
[Result "1/2-1/2"]
[WhiteElo "2595"]
[BlackElo "2650"]

1.Nf3 d5 2.d4 Nf6 3.c4 e6 4.Nc3 Be7 5.Bg5 h6 6.Bxf6 Bxf6 7.e3 O-O 8.Rc1 c6
9.Bd3 Nd7 10.O-O Qe7 11.h3 Rd8 12.Qc2 dxc4 13.Bxc4 e5 14.Ne4 exd4 15.Nxf6+ Nxf6
16.Nxd4 Bd7 17.Rfd1 c5 18.Nf5 Bxf5 19.Qxf5 b6 20.a3  1/2-1/2

[Event "Reggio Emilia91 Top16"]
[Site "Reggio Emilia"]
[Date "1991.??.??"]
[Round "?"]
[White "Ribli, Zoltan"]
[Black "Andersson, Ulf"]
[Result "1/2-1/2"]
[WhiteElo "2595"]
[BlackElo "2640"]

1.c4 Nf6 2.Nc3 e5 3.g3 Bb4 4.Nf3 Nc6 5.Bg2 O-O 6.O-O Re8 7.Nd5 Nxd5 8.cxd5 Nd4
9.Nxd4 exd4 10.e3 dxe3 11.dxe3 d6 12.Bd2 Bc5 13.b4 Bb6 14.Qc2 a5 15.Rfc1 a4
16.a3 Bg4 17.h3 Bh5 18.Bc3 Re7 19.Qb2 f6 20.Bd4 Bxd4 21.Qxd4 b6 22.Rc3 Bf7
23.Rac1 Ra7 24.h4 Be8 25.Bh3 Bd7 26.Be6+ Bxe6 27.dxe6 Rxe6 28.Qd5 Kf7 29.f4 Ke7
30.b5 Kd7 31.Qc6+ Ke7 32.Qxc7+ Rxc7 33.Rxc7+ Ke8 34.Kf2 d5 35.Rc8 Qxc8 36.Rxc8+ Kd7
37.Rc3 f5 38.Kf3 h5 39.Ke2 d4 40.Rd3 Rxe3+ 41.Rxe3 dxe3 42.Kxe3 Kd6 43.Kd4 Ke6
44.Kc4 Kd6 45.Kd4  1/2-1/2

[Event "Vienna"]
[Site "Vienna"]
[Date "1991.??.??"]
[Round "2"]
[White "Brestian, Egon"]
[Black "Ribli, Zoltan"]
[Result "1/2-1/2"]
[WhiteElo "2475"]
[BlackElo "2595"]

1.c4 Nf6 2.Nf3 c5 3.g3 b6 4.Bg2 Bb7 5.O-O e6 6.Nc3 Be7 7.d4 cxd4 8.Qxd4 d6
9.b3 O-O 10.Bb2 a6 11.Rfd1 Nbd7 12.Qe3 Qc7 13.Rac1 Rfe8 14.Nd4 Rac8 15.Bxb7 Qxb7
16.Qf3 Qc7 17.h3 Bf8 18.Ne4 Nxe4 19.Qxe4 Qb8 20.Nf3 h6 21.Ne1 b5 22.Nd3 bxc4
23.Rxc4 d5 24.Rxc8 Rxc8 25.Qa4 Qb7 26.Rc1 Rxc1+ 27.Bxc1 e5 28.Ba3 e4 29.Nf4 Bxa3
30.Qxa3 Qc6  1/2-1/2

[Event "Vienna"]
[Site "Vienna"]
[Date "1991.??.??"]
[Round "3"]
[White "Ribli, Zoltan"]
[Black "Mokry, Karel"]
[Result "1-0"]
[WhiteElo "2595"]
[BlackElo "2525"]

1.c4 e5 2.g3 d6 3.Bg2 g6 4.d4 exd4 5.Qxd4 Nf6 6.Nc3 Bg7 7.Qe3+ Kf8 8.Nf3 Nbd7
9.O-O h6 10.b3 Kg8 11.Bb2 Kh7 12.Rad1 Re8 13.Qc1 Nc5 14.Qa1 Nfe4 15.Nxe4 Bxb2
16.Neg5+ hxg5 17.Qxb2 Ne4 18.h3 b6 19.Ne5 Bb7 20.Ng4 Re6 21.Bxe4 Bxe4 22.f3 Bb7
23.e4 Qh8 24.e5 dxe5 25.Rd7 Rf8 26.Rxc7 Ba8 27.Rxa7 Kg8 28.Kh2 f5 29.Qa3 Ree8
30.Qd6  1-0

[Event "Vienna"]
[Site "Vienna"]
[Date "1991.??.??"]
[Round "4"]
[White "Fauland, Alexander"]
[Black "Ribli, Zoltan"]
[Result "0-1"]
[WhiteElo "2475"]
[BlackElo "2595"]

1.c4 e6 2.Nf3 Nf6 3.g3 d5 4.b3 a5 5.Bg2 a4 6.bxa4 Nbd7 7.cxd5 exd5 8.Nc3 Nb6
9.Qb3 Be7 10.d4 O-O 11.Ne5 Ne4 12.Nxd5 Nxd5 13.Bxe4 Nf6 14.Bc2 Qxd4 15.Bb2 Bb4+
16.Kf1 Bh3+ 17.Kg1 Qd5 18.Nf3 Be7 19.Rd1 Qc6 20.Rc1 Qd5 21.e4 Qh5 22.Nd4 g6
23.Bd1 Qa5 24.Bc3 Qg5 25.Bb2 Nxe4 26.f4 Qa5 27.Qe3 Rfe8 28.Bc2 Nf6 29.Qc3 Bb4
30.Qc4 Bd2  0-1

[Event "Vienna"]
[Site "Vienna"]
[Date "1991.??.??"]
[Round "5"]
[White "Ribli, Zoltan"]
[Black "Christiansen, Larry Mark"]
[Result "1/2-1/2"]
[WhiteElo "2595"]
[BlackElo "2600"]

1.Nf3 d5 2.d4 Bf5 3.c4 e6 4.Nc3 c6 5.Qb3 Qb6 6.c5 Qc7 7.Bf4 Qc8 8.Nh4 Ne7
9.Bd6 Nd7 10.e3 Nf6 11.Be2 Ng6 12.Bxf8 Kxf8 13.Nxf5 exf5 14.Qc2 Qe6 15.O-O-O b6
16.Bd3 Ne7 17.Ne2 Qd7 18.Kb1 g6 19.Nf4 Rb8 20.h4 h5 21.f3 Qc7 22.g3 Kg7 23.Rhe1 Rhe8
24.Ka1 bxc5 25.Qxc5 Rb6 26.Rc1 Qb8 27.Re2 Nc8 28.Qc3 Nd6 29.Qe1 Re7 30.Rc3 a5
31.Rec2 Qe8 32.Ng2 a4 33.Qc1 Rc7 34.Bf1 Re7 35.Bd3 Rc7 36.Bf1 Qa8 37.Nf4 Qe8
38.Bd3 Re7  1/2-1/2

[Event "Vienna"]
[Site "Vienna"]
[Date "1991.??.??"]
[Round "6"]
[White "Schroll, Gerhard"]
[Black "Ribli, Zoltan"]
[Result "0-1"]
[WhiteElo "2370"]
[BlackElo "2595"]

1.d4 Nf6 2.Nf3 e6 3.c4 b6 4.g3 Ba6 5.Qa4 Bb7 6.Bg2 c5 7.O-O cxd4 8.Nxd4 Bxg2
9.Kxg2 Qc7 10.Nc3 Be7 11.Rd1 a6 12.f3 Qb7 13.e4 O-O 14.Bf4 Rc8 15.Rd2 Nh5
16.Be3 d6 17.Rad1 Nd7 18.Nde2 Nhf6 19.Bf4 Ne8 20.e5 Nxe5 21.Bxe5 dxe5 22.Rd7 Rc7
23.Rxc7 Nxc7 24.Rd7 Bf8 25.Ne4 h6 26.N2c3 Rc8 27.c5 bxc5 28.b3 Qa8 29.Nd6 Bxd6
30.Rxd6 Rd8 31.Ne4 f5 32.Rxd8+ Qxd8 33.Nxc5 Qd2+ 34.Kh3 Qf2 35.Qc4 Qxf3  0-1

[Event "Vienna"]
[Site "Vienna"]
[Date "1991.??.??"]
[Round "7"]
[White "Ribli, Zoltan"]
[Black "Epishin, Vladimir"]
[Result "1/2-1/2"]
[WhiteElo "2595"]
[BlackElo "2615"]

1.Nf3 Nf6 2.c4 g6 3.Nc3 d5 4.cxd5 Nxd5 5.e4 Nxc3 6.dxc3 Qxd1+ 7.Kxd1 f6 8.Be3 e5
9.Nd2 Be6 10.Bc4 Kf7 11.Kc2 Be7 12.b4 a5 13.a3 Rd8 14.Bxe6+ Kxe6 15.Nb3 a4
16.Na5 b6 17.Nc4 Nc6 18.Rad1 Na7 19.Rxd8 Rxd8 20.Rd1 Rxd1 21.Kxd1 Nb5 22.Kc2 Nd6
23.Kd3 Kd7 24.Nd2 b5 25.f3 c6 26.Bc5 Nb7  1/2-1/2

[Event "Vienna"]
[Site "Vienna"]
[Date "1991.??.??"]
[Round "9"]
[White "Ribli, Zoltan"]
[Black "Kindermann, Stefan"]
[Result "1/2-1/2"]
[WhiteElo "2595"]
[BlackElo "2500"]

1.Nf3 g6 2.e4 Bg7 3.d4 d6 4.Be2 Nf6 5.Nc3 O-O 6.O-O Bg4 7.Be3 Nc6 8.Qd2 e5
9.dxe5 dxe5 10.Rad1 Qc8 11.Qc1 Rd8 12.Rxd8+ Qxd8 13.Rd1 Qf8 14.h3 Bxf3 15.Bxf3 h5
16.Nd5 Nxd5 17.Rxd5 Nd4 18.Bxd4  1/2-1/2

[Event "Altensteig"]
[Site "Altensteig"]
[Date "1992.??.??"]
[Round "2"]
[White "Kindermann, Stefan"]
[Black "Ribli, Zoltan"]
[Result "1/2-1/2"]
[WhiteElo "2505"]
[BlackElo "2610"]

1.e4 c5 2.Nc3 Nc6 3.f4 g6 4.Nf3 Bg7 5.Bb5 Nd4 6.a4 a6 7.Bd3 d6 8.Nxd4 cxd4
9.Ne2 Nf6 10.Nxd4 Nxe4 11.Bxe4 Bxd4 12.Qf3 Qc7 13.c3 f5 14.Bd5 e6 15.Ba2 Bf6
16.O-O Qc6 17.Qd1 Kf7 18.d4 Re8 19.Re1 d5 20.Bd2 b5 21.axb5 axb5 22.b4 Bd7
23.Bb3 Rxa1 24.Qxa1 Ra8 25.Qb2 Qa6 26.Rb1 Qc8  1/2-1/2

[Event "Altensteig"]
[Site "Altensteig"]
[Date "1992.??.??"]
[Round "7"]
[White "Ribli, Zoltan"]
[Black "Gabriel, Christian"]
[Result "1/2-1/2"]
[WhiteElo "2610"]
[BlackElo "2490"]

1.c4 e6 2.Nf3 d5 3.d4 c5 4.cxd5 exd5 5.g3 Nf6 6.Bg2 Be7 7.O-O O-O 8.Nc3 Nc6
9.Bg5 cxd4 10.Nxd4 h6 11.Be3 Re8 12.Rc1 Bf8 13.Nxc6 bxc6 14.Na4 Bd7 15.Bc5 Bxc5
16.Nxc5 Bf5 17.e3 Rb8 18.b3 Qa5 19.Qe2 Rb5 20.Na4 Bd7 21.Rfd1 Qb4 22.Qc2 Qg4
23.Rd4 Qg5 24.Qd2 Qg6 25.f3 Re7 26.Nc5 Be8 27.Ra4 Qg5 28.Bf1 Rb8 29.Kf2 Nh7
30.Qd4 Nf8 31.h4 Qf5 32.Ra5 Qc8 33.Qc3 Qd8 34.Bh3 Qd6 35.Nd3 Rb6 36.Qc5 Qf6
37.Rc2 Rbb7 38.Qc3 Qd6 39.Nc5 Rb6 40.e4 Ng6 41.Qd4 Rc7 42.exd5 cxd5 43.Rd2  1/2-1/2

[Event "Altensteig"]
[Site "Altensteig"]
[Date "1992.??.??"]
[Round "8"]
[White "Mueller, Karsten"]
[Black "Ribli, Zoltan"]
[Result "1/2-1/2"]
[WhiteElo "2490"]
[BlackElo "2610"]

1.e4 c5 2.Nf3 e6 3.d4 cxd4 4.Nxd4 a6 5.Nc3 Qc7 6.Be2 Nf6 7.O-O d6 8.f4 Be7
9.Kh1 O-O 10.Qe1 b5 11.Bf3 Bb7 12.e5 Ne8 13.Bxb7 Qxb7 14.f5 dxe5 15.Qxe5 Bf6
16.Qe3 Bxd4 17.Qxd4 Nc6 18.Qc5 b4 19.Ne2 exf5 20.Qxf5 Nd6 21.Qf3 Rfe8  1/2-1/2

[Event "Altensteig"]
[Site "Altensteig"]
[Date "1992.??.??"]
[Round "9"]
[White "Ribli, Zoltan"]
[Black "Vogt, Lothar"]
[Result "1/2-1/2"]
[WhiteElo "2610"]
[BlackElo "2530"]

1.Nf3 g6 2.d4 Bg7 3.c4 Nf6 4.Nc3 O-O 5.e4 d6 6.Be2 e5 7.O-O Nc6 8.d5 Ne7
9.b4 a5 10.bxa5 Rxa5 11.Nd2 Nd7 12.Nb3 Ra8 13.a4 f5 14.Ba3 Nf6 15.f3 Bh6
16.Qd3  1/2-1/2

[Event "Baden-Baden-B"]
[Site "Baden-Baden"]
[Date "1992.??.??"]
[Round "2"]
[White "Uhlmann, Wolfgang"]
[Black "Ribli, Zoltan"]
[Result "1/2-1/2"]
[WhiteElo "2480"]
[BlackElo "2610"]

1.c4 Nf6 2.Nc3 e6 3.Nf3 d5 4.d4 dxc4 5.e3 c5 6.Bxc4 a6 7.a4 Nc6 8.O-O Be7
9.Qe2 cxd4 10.Rd1 e5 11.exd4 exd4 12.Nxd4 Nxd4 13.Qe3 O-O 14.Rxd4 Qc7 15.Qf4 Qxf4
16.Bxf4 Bf5 17.h3 Rfd8 18.Rad1 Bc2 19.Rxd8+ Rxd8  1/2-1/2

[Event "Baden-Baden-B"]
[Site "Baden-Baden"]
[Date "1992.??.??"]
[Round "4"]
[White "Schlosser, Philipp"]
[Black "Ribli, Zoltan"]
[Result "1/2-1/2"]
[WhiteElo "2500"]
[BlackElo "2610"]

1.d4 Nf6 2.Nf3 d5 3.c4 e6 4.g3 Bb4+ 5.Bd2 Be7 6.Bg2 O-O 7.O-O c6 8.Qc2 b6
9.Bf4 Bb7 10.Rd1 Nbd7 11.Nbd2 Nh5 12.Be3 f5 13.Nb3 Bd6 14.Nc1 Rc8  1/2-1/2

[Event "Baden-Baden-B"]
[Site "Baden-Baden"]
[Date "1992.??.??"]
[Round "6"]
[White "Hort, Vlastimil"]
[Black "Ribli, Zoltan"]
[Result "1/2-1/2"]
[WhiteElo "2560"]
[BlackElo "2610"]

1.e4 c5 2.g3 d5 3.exd5 Qxd5 4.Nf3 Bg4 5.Bg2 Qe6+ 6.Kf1 Nc6 7.h3 Bh5 8.Nc3 Nf6
9.d3 Qd7 10.g4 Bg6 11.Nh4 e6 12.Be3 Be7 13.Nxg6 hxg6 14.h4 Nd4 15.a4 Rd8
16.Rh3 Kf8 17.Kg1 b6 18.Rc1 Kg8 19.b3 Rh7 20.Kh1 Rh8 21.g5 Ne8 22.Qg4 Nd6
23.Ne4 Qc8 24.Nxd6 Bxd6 25.Be4 Nf5 26.Kg2 Be5 27.Rch1 Rh5 28.Bf3 Bd4 29.Qe4 Rh8
30.Bf4 Qd7  1/2-1/2

[Event "Baden-Baden-B"]
[Site "Baden-Baden"]
[Date "1992.??.??"]
[Round "8"]
[White "Hickl, Joerg"]
[Black "Ribli, Zoltan"]
[Result "1/2-1/2"]
[WhiteElo "2540"]
[BlackElo "2610"]

1.e4 c5 2.c3 d5 3.exd5 Qxd5 4.d4 Nf6 5.Nf3 Nc6 6.Be2 e6 7.Na3 Qd8 8.Nc2 Be7
9.O-O O-O 10.dxc5 Bxc5 11.Qxd8 Rxd8 12.Be3 Bxe3 13.Nxe3 b6 14.Rfd1 Bb7 15.Rxd8+ Rxd8
16.Rd1 Rxd1+ 17.Bxd1 Kf8  1/2-1/2

[Event "Baden-Baden-B"]
[Site "Baden-Baden"]
[Date "1992.??.??"]
[Round "9"]
[White "Ribli, Zoltan"]
[Black "Xie Jun"]
[Result "1-0"]
[WhiteElo "2610"]
[BlackElo "2480"]

1.c4 Nf6 2.Nc3 g6 3.g3 Bg7 4.Bg2 O-O 5.d4 c6 6.e4 d6 7.Nge2 e5 8.O-O Nbd7
9.h3 exd4 10.Nxd4 Qa5 11.Nb3 Qb4 12.Re1 Ne5 13.c5 dxc5 14.f4 Nd3 15.Qxd3 c4
16.Qd4 Nd7 17.e5 c5 18.Qe3 cxb3 19.Nd5 Qa4 20.Qxb3 Qa5 21.Rd1 Nb6 22.Bd2 Qa4
23.Nc7 Rb8 24.Be3 Bf5 25.Bxc5 Rfd8 26.Qxa4 Nxa4 27.Bxa7 Rbc8 28.Nd5 Bf8 29.b3 Nc5
30.Bb6  1-0

[Event "Brussels SWIFT rapid"]
[Site "Brussels"]
[Date "1992.??.??"]
[Round "?"]
[White "Ribli, Zoltan"]
[Black "Short, Nigel D"]
[Result "0-1"]
[WhiteElo "2595"]
[BlackElo "2685"]

1.Nf3 d5 2.d4 Bf5 3.c4 e6 4.Nc3 c6 5.Bf4 Bd6 6.Bxd6 Qxd6 7.Qb3 Qe7 8.g3 Nf6
9.Bg2 O-O 10.O-O a5 11.Rfc1 Qb4 12.c5 Nbd7 13.Na4 Qxb3 14.axb3 Rfe8 15.Ra3 Be4
16.Rca1 Bxf3 17.Bxf3 e5 18.e3 exd4 19.exd4 Ne4 20.Bg4 Ndf6 21.Nb6 Rad8 22.Bd1 g6
23.Rxa5 Kg7 24.Kg2 Ng5 25.h4 Ne6 26.R1a4 Re7 27.Bf3 h6 28.Ra7 g5 29.hxg5 hxg5
30.Rb4 g4 31.Bd1 Ng5 32.Ra1 Re1 33.Rba4 Rh8 34.Bxg4 Rxa1 35.Rxa1 Nxg4 36.Ra7 Rh2+
37.Kf1 Rxf2+ 38.Ke1 Nf3+ 39.Kd1  0-1

[Event "Calcutta"]
[Site "Calcutta"]
[Date "1992.??.??"]
[Round "1"]
[White "Ribli, Zoltan"]
[Black "Gopal, KN."]
[Result "1-0"]
[WhiteElo "2595"]
[BlackElo "2270"]

1.Nf3 Nf6 2.c4 e6 3.g3 d5 4.Bg2 Be7 5.O-O O-O 6.d4 dxc4 7.Ne5 c5 8.dxc5 Bxc5
9.Nc3 Qe7 10.Bg5 h6 11.Bxf6 Qxf6 12.Nxc4 Nc6 13.Bxc6 bxc6 14.Ne4 Qe7 15.Ne5 Qc7
16.Nxc5 Qxe5 17.Qc2 Rb8 18.b3 Qh5 19.Rfd1 Rb5 20.Rac1 a5 21.Rd6 e5 22.Rxc6 Bf5
23.Qd2 Bg4 24.f3 Bf5 25.g4 Bxg4 26.fxg4 Qxg4+ 27.Kh1 Rxc5 28.R1xc5 Qe4+ 29.Kg1 Qg4+
30.Kf1 Qh3+ 31.Ke1 Qxh2 32.Qd5 Qg1+ 33.Kd2 Qg5+ 34.Kc2 Rd8 35.Qxd8+ Qxd8
36.Rc8 Qxc8 37.Rxc8+ Kh7 38.a4 g5  1-0

[Event "Calcutta"]
[Site "Calcutta"]
[Date "1992.??.??"]
[Round "2"]
[White "Vijayakumar, G."]
[Black "Ribli, Zoltan"]
[Result "0-1"]
[WhiteElo "2310"]
[BlackElo "2595"]

1.c4 Nf6 2.Nc3 c5 3.g3 e6 4.Bg2 d5 5.Nf3 d4 6.Nb1 Nc6 7.d3 h6 8.Nbd2 e5 9.a3 a5
10.b3 Be6 11.O-O Be7 12.Ne1 O-O 13.Rb1 Qc7 14.Ndf3 Rad8 15.Nc2 Rfe8 16.Bd2 e4
17.Nfe1 Bf5 18.b4 axb4 19.axb4 b6 20.bxc5 Bxc5 21.Nb4 Nxb4 22.Bxb4 h5 23.Bxc5 bxc5
24.Qd2 Bg6 25.f4 Bf5 26.Nc2 Ng4 27.Rb5 Qe7 28.h3 Nf2 29.Nb4 e3 30.Nc6 Qd7
31.Qb2 Bxh3 32.Rxf2 exf2+ 33.Kxf2 Bxg2 34.Nxd8 Ba8 35.Nb7 Qh3 36.Rxc5 Qh2+
37.Ke1 Qxg3+ 38.Kd1 Qg1+ 39.Kd2  0-1

[Event "Calcutta"]
[Site "Calcutta"]
[Date "1992.??.??"]
[Round "3"]
[White "Ribli, Zoltan"]
[Black "Saravanan, V."]
[Result "1-0"]
[WhiteElo "2595"]
[BlackElo "2355"]

1.Nf3 Nf6 2.c4 g6 3.g3 Bg7 4.Bg2 O-O 5.O-O d6 6.d4 c6 7.b3 Nbd7 8.Nc3 e5
9.e4 Re8 10.h3 exd4 11.Nxd4 Nc5 12.Re1 a5 13.Bf4 h6 14.Qc2 Nh5 15.Be3 Ne6
16.Rad1 Qe7 17.Kh2 Qf8 18.Qd2 Kh7 19.Nde2 Rd8 20.f4 Nf6 21.f5 gxf5 22.exf5 Nc7
23.Qc2 Kg8 24.Nf4 Ra6 25.Bd4 Bd7 26.Bxf6 Bxf6 27.Nh5 Bh8 28.f6 d5 29.cxd5 Nxd5
30.Nxd5 cxd5 31.Bxd5 Bxf6 32.Rf1  1-0

[Event "Calcutta"]
[Site "Calcutta"]
[Date "1992.??.??"]
[Round "4"]
[White "King, Daniel J"]
[Black "Ribli, Zoltan"]
[Result "1/2-1/2"]
[WhiteElo "2505"]
[BlackElo "2595"]

1.Nf3 Nf6 2.g3 d5 3.Bg2 c6 4.O-O Bf5 5.d3 e6 6.c4 Nbd7 7.Nc3 Be7 8.cxd5 exd5
9.Be3 O-O 10.Qb3 Qb8 11.Rac1 Bd6 12.Na4 Re8 13.Rfe1 h6 14.Bd4 Re7 15.a3 Bh7
16.Bh3 Ne5 17.Nxe5 Bxe5 18.Qc3 Qe8 19.Kf1 Rd8 20.b4 Bg6 21.Nc5 Rb8 22.a4 Bxd4
23.Qxd4 Re5 24.Nb3 a6 25.Qf4 Nh5 26.Qd4 Nf6 27.Qf4 Nh5  1/2-1/2

[Event "Calcutta"]
[Site "Calcutta"]
[Date "1992.??.??"]
[Round "5"]
[White "Ribli, Zoltan"]
[Black "Norwood, David"]
[Result "1/2-1/2"]
[WhiteElo "2595"]
[BlackElo "2495"]

1.c4 g6 2.d4 Bg7 3.Nf3 d6 4.g3 Nd7 5.Bg2 e5 6.Nc3 Ne7 7.O-O O-O 8.e4 exd4
9.Nxd4 Nc6 10.Nxc6 bxc6 11.Qc2 Qf6 12.Ne2 Rb8 13.Rb1 Qe7 14.Be3 c5  1/2-1/2

[Event "Calcutta"]
[Site "Calcutta"]
[Date "1992.??.??"]
[Round "6"]
[White "Ribli, Zoltan"]
[Black "Murugan, Krishnamoorthy"]
[Result "1-0"]
[WhiteElo "2595"]
[BlackElo "2380"]

1.Nf3 Nf6 2.c4 e6 3.g3 d5 4.Bg2 Be7 5.O-O O-O 6.d4 dxc4 7.Ne5 Nc6 8.Nxc6 bxc6
9.Na3 Bxa3 10.bxa3 Rb8 11.Qa4 Qxd4 12.Be3 Qg4 13.Bf3 Qh3 14.Qxc4 e5 15.Bxa7 Ra8
16.Bc5 Rd8 17.Be7 Be6 18.Qc2 Rd4 19.Qxc6 Rc8 20.Bg2 Qh5 21.e3 Rc4 22.Qa6 Ne4
23.Rac1 Nc3 24.Kh1 c5 25.Rc2 e4 26.Rfc1 Ra4 27.Qb7 Rxa3 28.Qb2 Ra7 29.Bxc5 Rxc5
30.Rxc3 Rxc3 31.Qb8+  1-0

[Event "Calcutta"]
[Site "Calcutta"]
[Date "1992.??.??"]
[Round "7"]
[White "Vyzmanavin, Alexey"]
[Black "Ribli, Zoltan"]
[Result "1/2-1/2"]
[WhiteElo "2590"]
[BlackElo "2595"]

1.d4 Nf6 2.c4 e6 3.Nf3 d5 4.Nc3 dxc4 5.e4 Bb4 6.Bg5 c5 7.Bxc4 cxd4 8.Nxd4 Bxc3+
9.bxc3 Qa5 10.Nb5 a6 11.Nd6+ Ke7 12.Qd2 Nc6 13.Rd1 Rd8 14.O-O h6  1/2-1/2

[Event "GER CupT"]
[Site "Germany"]
[Date "1992.??.??"]
[Round "?"]
[White "Christiansen, Larry Mark"]
[Black "Ribli, Zoltan"]
[Result "0-1"]
[WhiteElo "2595"]
[BlackElo "2595"]

1.c4 e6 2.Nc3 c5 3.Nf3 Nf6 4.e4 Nc6 5.d4 cxd4 6.Nxd4 Bb4 7.Nxc6 bxc6 8.Bd3 e5
9.O-O O-O 10.Bg5 h6 11.Bh4 Bc5 12.a3 a5 13.Qd2 d6 14.Kh1 Be6 15.f4 exf4 16.Rxf4 g5
17.Raf1 Bd4 18.R4f3 Ng4 19.Bg3 Ne5 20.Bxe5 Bxe5 21.R3f2 Qb6 22.Qe2 Rab8 23.Qh5 Qd4
24.Rf3 Kg7 25.Ne2 Qxb2 26.Ng3 Qb7 27.c5 dxc5 28.Bc4 Qe7 29.Nf5+ Bxf5 30.Rxf5 f6
31.R5f3 Rbd8 32.Rh3 Rh8 33.Qg4 Rd4 34.Be6 h5 35.Qf5 c4 36.Rb1 Rhd8 37.Rf1 Qe8
38.Rg3 Qg6 39.Qxg6+ Kxg6 40.Re3 R8d6 41.Bf5+ Kf7 42.g4 Rd2 43.Rb1 Rxh2+ 44.Kg1 Rdd2  0-1

[Event "GER CupT"]
[Site "Germany"]
[Date "1992.??.??"]
[Round "?"]
[White "Ribli, Zoltan"]
[Black "Schaefer, Markus"]
[Result "1-0"]
[WhiteElo "2595"]
[BlackElo "2435"]

1.Nf3 Nf6 2.c4 g6 3.g3 Bg7 4.Bg2 O-O 5.O-O c6 6.d4 d5 7.Qb3 dxc4 8.Qxc4 Be6
9.Qa4 Na6 10.Nc3 Qb6 11.e4 Rad8 12.h3 Nd7 13.Rd1 Qb4 14.Qc2 Nb6 15.Bf4 Nc4
16.b3 Na3 17.Qd2 Nb5 18.Nxb5 Qxb5 19.Rac1 Qb4 20.Qe3 Qa3 21.Bh6 f6 22.Bxg7 Kxg7
23.d5 cxd5 24.Nd4 Bd7 25.exd5 Qd6 26.Kh2 Nc7 27.Nc6 Rde8 28.Nxa7 Na6 29.Nc6 Kg8
30.a4 Bc8 31.Nd4 Nc7 32.Ne6 Nxe6 33.dxe6 Qb4 34.Rc7 Rd8 35.Rdc1 Qd6 36.Bxb7  1-0

[Event "Bundesliga 9192"]
[Site "Germany"]
[Date "1992.??.??"]
[Round "?"]
[White "Hort, Vlastimil"]
[Black "Ribli, Zoltan"]
[Result "1/2-1/2"]
[WhiteElo "2560"]
[BlackElo "2595"]

1.d4 Nf6 2.c4 e6 3.Nc3 Bb4 4.e3 O-O 5.Bd3 c5 6.Ne2 d5 7.cxd5 cxd4 8.exd4 Nxd5
9.O-O Nc6 10.a3 Be7 11.Qc2 g6 12.Rd1 Bf6 13.Be4 Nce7 14.Qb3 b6 15.Nxd5 Nxd5
16.Bh6 Re8 17.Qf3 Bb7 18.Rac1 Bg5 19.Bxg5 Qxg5 20.Qg3 Qxg3 21.hxg3 Rac8 22.f3 h5
23.Kf2 Red8 24.Rxc8 Rxc8 25.Rd2 Kf8 26.Nf4 Ke7 27.Nxd5+ Bxd5 28.Rc2 Rxc2+
29.Bxc2 Bc4 30.Ba4  1/2-1/2

[Event "Manila ol (Men)"]
[Site "Manila"]
[Date "1992.??.??"]
[Round "?"]
[White "Serper, Grigory"]
[Black "Ribli, Zoltan"]
[Result "1/2-1/2"]
[WhiteElo "2540"]
[BlackElo "2595"]

1.c4 c5 2.Nf3 Nf6 3.Nc3 e6 4.g3 b6 5.Bg2 Bb7 6.O-O Be7 7.d4 cxd4 8.Qxd4 d6
9.Bg5 a6 10.Bxf6 Bxf6 11.Qf4 Bxf3 12.Qxf3 Ra7 13.Rfd1 O-O 14.Rac1 Nd7  1/2-1/2